| 000 | 00621nam a2200205Ia 4500 | ||
|---|---|---|---|
| 001 | 13651 | ||
| 003 | IVS | ||
| 005 | 20250626030858.0 | ||
| 008 | 211022s9999 xx 000 0 und d | ||
| 040 | _cIVS | ||
| 082 | _a741.6 MHE | ||
| 100 | _aMheer Atif | ||
| 245 | 0 | _aHow are the old colonial spaces and buildings of Karachi being re-used in the modern-day era of commercialism? | |
| 260 | _aKarachi | ||
| 260 | _bIndus Valley School of Art & Architecture | ||
| 260 | _c2018 | ||
| 300 | _a26 | ||
| 856 | _uhttps://drive.google.com/file/d/1vPTIlzZ0c4Qpl5xLrbghCC95Q69UisGP/view?usp=sharing | ||
| 942 |
_cDISS _n0 _2ddc |
||
| 999 |
_c13557 _d13557 |
||